An outline and analysis of the first epistle of John. (Record no. 16366)

000 -LEADER
fixed length control field 00534nam a2200169 a 4500
001 - CONTROL NUMBER
control field :::00019246$&:&@@
003 - CONTROL NUMBER IDENTIFIER
control field OkBaRHE
005 - DATE AND TIME OF LATEST TRANSACTION
control field 20010228115740.0
008 - FIXED-LENGTH DATA ELEMENTS--GENERAL INFORMATION
fixed length control field s1943 j 000 0 eng u
040 ## - CATALOGING SOURCE
Transcribing agency
100 1# - MAIN ENTRY--PERSONAL NAME
Personal name Gingrich, Raymond E.
245 13 - TITLE STATEMENT
Title An outline and analysis of the first epistle of John.
260 ## - PUBLICATION, DISTRIBUTION, ETC. (IMPRINT)
Place of publication, distribution, etc Grand Rapids, Michigan
Name of publisher, distributor, etc Zondervan Publishing House
Date of publication, distribution, etc 1943
300 ## - PHYSICAL DESCRIPTION
Extent 192 p.
942 ## - ADDED ENTRY ELEMENTS (KOHA)
Source of classification or shelving scheme
Koha item type Books
Copies
Copy number Shelving location Date last seen Price effective from Withdrawn status Permanent Location Not for loan Barcode Date acquired Koha item type Lost status Full call number Damaged status Source of classification or shelving scheme
1General Stacks2018-04-032010-04-14 RHEMA Bible Training College 192462010-04-14Books BS 2805 .G5